Culture Générale d'Antoine #5 - Statistiques

Statistiques générales
  • Ce quiz a été pris 69 fois
  • Le résultat moyen est 6 sur 20
Statistiques - réponses
Hint Réponse % Correct
Elle peut être de Rainette, d'Api ou même d'Amour Pomme
98%
Quel streamer a eu la plus grosse cagnotte au ZEVENT 2025 avec 1 478 766€ ? Domingo
44%
Dans le dictionnaire, entre l'ami et l'amoureux, qui perd la mémoire ? Amnésique
43%
Titre de film où une souris blanche est adoptée par la famille Little Stuart Little
43%
Qui a fait traverser les Alpes à des éléphants lors de la seconde guerre punique ? Hannibal
39%
Quel verbe est conjugué dans la phrase "Je me meus" ? Se Mouvoir
38%
De quelle origine était Alfred Nobel, inventeur de la dynamite ? Suédois
36%
Comment s'appelle le meilleur ami de Léna Situations ? Marcus
34%
Comment s'appelle son concept le plus populaire ? Pop Corn
34%
Quel signe de notre horoscope est le plus court ? Lion
31%
Quel pays est le seul à avoir un monument sur son drapeau ? Cambodge
30%
Fleuve symbolisant la frontière entre la Chine et la Russie Amour
26%
Qu'est ce qui peut être vert ou caviar ? Citron
21%
Quel est le nom de famille du meilleur ami de Gon dans l'animé Hunter x Hunter ? Zoldyck
15%
Quel capitale d'Etat américain est située la plus au sud ? Honolulu
10%
Quelle période du Mésozoïque voit apparaitre les premiers dinosaures ? Trias
7%
Comment s'appelle le héros du jeu vidéo Kingdom Hearts ? Sora
5%
Quelle candidate à Top Chef en saison 2 est devenu cheffe de brigade en saison 15 ? Stéphanie Le Quellec
2%
Comment s'appelle également la partie jaune d'un œuf de poule ? Vitellus
2%
S'il n'est pas fou ou masqué, que peut être le bruant ? Zizi
2%
Aucun quiz correspondant
Distribution des résultats
% des personnes avec chaque résultat
Percentile par nombre de réponses
Votre historique - résultats
Vous n’avez pas pris ce quiz